[Event "Mumbai AICF (Women)"]
[Site "Mumbai"]
[Date "2018.06.13"]
[Round "3"]
[White "Zozulia, Anna"]
[Black "Tokhirjonova, Gulruhbegim"]
[Result "1/2-1/2"]
[WhiteElo "2314"]
[BlackElo "2379"]
[PlyCount "76"]
[EventDate "2018.06.12"]
[EventType "tourn"]
[EventRounds "11"]
[EventCountry "IND"]
[EventCategory "2"]
[SourceTitle "CBM 185 Extra"]
[Source "ChessBase"]
[SourceDate "2018.07.29"]
[SourceVersion "1"]
[SourceVersionDate "2018.07.29"]
[SourceQuality "1"]

1. e4 e5 2. Nf3 d6 3. d4 exd4 4. Nxd4 Nf6 5. Nc3 Be7 6. Bc4 c6 7. a4 0-0 8. 0-0 Re8 9. Ba2 Bf8 10. Re1 Nbd7 11. Bg5 h6 12. Bh4 Ne5 13. f3 Ng6 14. Bf2 Bd7 15. Qd2 Qc7 16. Rad1 a6 17. Nf5 Bxf5 18. exf5 Ne5 19. Ne4 Nxe4 20. fxe4 Ng4 21. Bg3 Qb6+ 22. Qd4 Qxd4+ 23. Rxd4 d5 24. b4 Rxe4 25. Rexe4 dxe4 26. Rd7 Bxb4 27. Bxf7+ Kh8 28. Rxb7 Bc5+ 29. Kf1 Ne3+ 30. Ke2 Nxf5 31. Be5 Ra7 32. Rxa7 Bxa7 33. Be8 Ne7 34. Bd6 Nf5 35. Be5 Ne7 36. Bd6 Nf5 37. Be5 Ne7 38. Bd6 Nf5 1/2-1/2

[Event "Salo We Tomi Tocklin 50v"]
[Site "Salo"]
[Date "2018.02.18"]
[Round "6"]
[White "Valkama, Eero"]
[Black "Zozulia, Anna"]
[Result "0-1"]
[WhiteElo "2231"]
[BlackElo "2314"]
[PlyCount "74"]
[EventDate "2018.02.??"]
[EventType "swiss"]
[EventRounds "7"]
[EventCountry "FIN"]
[SourceTitle "EXT 2022"]
[Source "ChessBase"]
[SourceDate "2021.10.06"]
[SourceVersion "1"]
[SourceVersionDate "2021.10.06"]
[SourceQuality "1"]

1. e4 c5 2. Nf3 Nc6 3. Bb5 g6 4. Bxc6 dxc6 5. h3 Bg7 6. d3 e5 7. Nc3 f6 8. Be3 b6 9. Qd2 Be6 10. Nh2 Qd7 11. 0-0 g5 12. Ne2 Ne7 13. h4 h6 14. Ng3 Ng6 15. Nh5 Nxh4 16. g3 Ng6 17. f4 gxf4 18. gxf4 exf4 19. Bxf4 0-0-0 20. Bg3 Rhg8 21. Kh1 f5 22. Nxg7 Qxg7 23. Qe2 f4 24. Bxf4 Bh3 25. Bg3 Nh4 26. Rg1 Bg2+ 27. Rxg2 Nxg2 28. Nf1 Nf4 29. Qh2 Qg4 30. Re1 Rdf8 31. Re3 Rg5 32. Qd2 Qh3+ 33. Kg1 Nh5 34. Qg2 Rxf1+ 35. Qxf1 Rxg3+ 36. Rxg3 Qxg3+ 37. Kh1 Nf4 0-1

[Event "Salo We Tomi Tocklin 50v"]
[Site "Salo"]
[Date "2018.02.17"]
[Round "5"]
[White "Zozulia, Anna"]
[Black "Sorvari, Jarmo"]
[Result "1-0"]
[WhiteElo "2314"]
[BlackElo "2046"]
[PlyCount "101"]
[EventDate "2018.02.??"]
[EventType "swiss"]
[EventRounds "7"]
[EventCountry "FIN"]
[SourceTitle "EXT 2022"]
[Source "ChessBase"]
[SourceDate "2021.10.06"]
[SourceVersion "1"]
[SourceVersionDate "2021.10.06"]
[SourceQuality "1"]

1. e4 c5 2. Nf3 d6 3. d4 cxd4 4. Nxd4 Nf6 5. Nc3 a6 6. Be2 e5 7. Nf3 Be7 8. Bg5 Nbd7 9. 0-0 h6 10. Bxf6 Nxf6 11. Re1 Be6 12. Bf1 0-0 13. Nd5 Bxd5 14. exd5 Nd7 15. Qe2 Bf6 16. Nd2 Qb6 17. Rab1 a5 18. c4 Nc5 19. b3 Qb4 20. Ra1 Rfe8 21. Ne4 Nxe4 22. Qxe4 Bg5 23. Qc2 Qc5 24. a3 Bd8 25. b4 Qd4 26. Rad1 Qf4 27. g3 Qf6 28. c5 axb4 29. axb4 Rc8 30. Bh3 Ra8 31. c6 bxc6 32. dxc6 Bc7 33. b5 Reb8 34. Qc4 Ra5 35. Rb1 Qd8 36. Bg2 Bb6 37. Bd5 Qc7 38. Rb3 Kf8 39. Rf3 f6 40. Qd3 Qe7 41. Bc4 Ke8 42. Qd5 Kd8 43. Rd3 Kc7 44. Kg2 f5 45. Red1 Rd8 46. R3d2 g5 47. Ra2 Rda8 48. Rxa5 Rxa5 49. Qg8 f4 50. Be6 Qd8 51. Qf7+ 1-0

[Event "Wch Blitz (Women)"]
[Site "Riadh"]
[Date "2017.12.30"]
[Round "16"]
[White "Nakhbayeva, Guliskhan"]
[Black "Zozulia, Anna"]
[Result "1/2-1/2"]
[WhiteElo "2314"]
[BlackElo "2316"]
[PlyCount "127"]
[EventDate "2017.12.29"]
[EventType "swiss (blitz)"]
[EventRounds "21"]
[EventCountry "SAU"]
[SourceTitle "CBM 182 Extra"]
[Source "ChessBase"]
[SourceDate "2018.02.23"]
[SourceVersion "1"]
[SourceVersionDate "2018.02.23"]
[SourceQuality "1"]

1. d4 g6 2. c4 Bg7 3. e4 d6 4. Nc3 Nc6 5. Be3 e5 6. Nge2 Nf6 7. d5 Ne7 8. Ng3 0-0 9. Be2 a5 10. 0-0 h5 11. Re1 h4 12. Nf1 Nh7 13. Qd2 f5 14. exf5 gxf5 15. f4 Ng6 16. fxe5 Bxe5 17. Bh5 Qf6 18. Nb5 Rf7 19. Bd4 Ng5 20. Kh1 Rg7 21. Bxg6 Qxg6 22. Bxe5 dxe5 23. Qf2 Ne4 24. Qf3 c6 25. Nc3 Nxc3 26. bxc3 e4 27. Qf2 f4 28. Rab1 e3 29. Qf3 Bg4 30. Qxf4 Bf5 31. Rb2 Rf8 32. Nxe3 Be4 33. Qxh4 Qf7 34. c5 cxd5 35. c4 d4 36. Qxe4 dxe3 37. Qxe3 Qf1+ 38. Rxf1 Rxf1+ 39. Qg1 Rxg1+ 40. Kxg1 Rc7 41. Rb5 a4 42. a3 Kg7 43. Kf2 Kf6 44. Kf3 Ke5 45. Ke3 Ke6 46. g4 Rh7 47. Rb6+ Ke5 48. h4 Rxh4 49. Rxb7 Rxg4 50. Kd3 Rg3+ 51. Kc2 Rxa3 52. c6 Kd6 53. Kb2 Rb3+ 54. Rxb3 axb3 55. Kxb3 Kxc6 56. Kb4 Kb6 57. c5+ Kc6 58. Kc4 Kc7 59. Kb5 Kb7 60. c6+ Kc7 61. Kc5 Kc8 62. Kb6 Kb8 63. c7+ Kc8 64. Kc6 1/2-1/2

[Event "Wch Blitz (Women)"]
[Site "Riadh"]
[Date "2017.12.30"]
[Round "14"]
[White "Ordaz Valdes, Lisandra Teresa"]
[Black "Zozulia, Anna"]
[Result "1/2-1/2"]
[WhiteElo "2414"]
[BlackElo "2316"]
[PlyCount "56"]
[EventDate "2017.12.29"]
[EventType "swiss (blitz)"]
[EventRounds "21"]
[EventCountry "SAU"]
[SourceTitle "CBM 182 Extra"]
[Source "ChessBase"]
[SourceDate "2018.02.23"]
[SourceVersion "1"]
[SourceVersionDate "2018.02.23"]
[SourceQuality "1"]

1. d4 g6 2. c4 Bg7 3. e4 d6 4. Nc3 Nc6 5. Be3 e5 6. d5 Nce7 7. c5 f5 8. cxd6 cxd6 9. Bb5+ Bd7 10. Bxd7+ Qxd7 11. f3 Nf6 12. Qd2 fxe4 13. fxe4 b5 14. a3 a5 15. Nge2 b4 16. axb4 0-0 17. bxa5 Ng4 18. h3 Nxe3 19. Qxe3 Qb7 20. Rf1 Qxb2 21. Rb1 Qa3 22. Rf3 Qxa5 23. Kf1 Rxf3+ 24. gxf3 Qa6 25. Rb6 Qa1+ 26. Rb1 Qa6 27. Rb6 Qa1+ 28. Rb1 Qa6 1/2-1/2